| 000 | 00345nam a22001457a 4500 | ||
|---|---|---|---|
| 020 | _a81-8204-062-0 | ||
| 082 |
_a651.29 _bDIX |
||
| 100 | _aDIXIT, ANIL K | ||
| 245 | _aMETHODS OF COMMUNICATION | ||
| 260 |
_aDELHI _bAMAN PUBLISHER _c2010 |
||
| 300 | _a304 | ||
| 650 | _aCOMMUNICATION OF MANAGEMENT | ||
| 653 | _aCOMMUNICATION | ||
| 942 |
_2ddc _cBK |
||
| 999 |
_c8085 _d8085 |
||